B.R. Ambedkar: (Record no. 186929)

MARC details
000 -LEADER
fixed length control field 00893nam a22002417a 4500
005 - DATE AND TIME OF LATEST TRANSACTION
control field 20220429151632.0
010 ## - LCCN (DPL NO)
LC control number ENG-132092-96
020 ## - INTERNATIONAL STANDARD BOOK NUMBER
International Standard Book Number 9780190126827
Terms of availability 1999.00
020 ## - INTERNATIONAL STANDARD BOOK NUMBER
International Standard Book Number 9780190126834
Terms of availability 1999.00
020 ## - INTERNATIONAL STANDARD BOOK NUMBER
International Standard Book Number 9780190126841
Terms of availability 1999.00
020 ## - INTERNATIONAL STANDARD BOOK NUMBER
International Standard Book Number 9780190127886
Terms of availability 1999.00
020 ## - INTERNATIONAL STANDARD BOOK NUMBER
International Standard Book Number 9780190127893
Terms of availability 1999.00
035 ## - SYSTEM CONTROL NUMBER
System control number EN-115624-28
037 ## - SOURCE OF ACQUISITION
Source of stock number/acquisition DBAD/PUB
082 ## - DEWEY DECIMAL CLASSIFICATION NUMBER
Classification number 954.03
245 ## - TITLE STATEMENT
Title B.R. Ambedkar:
Remainder of title The Quest For Justice Religious and cultural Justics/
Statement of responsibility, etc Edited by Aakash Singh Rathore
260 ## - PUBLICATION, DISTRIBUTION, ETC. (IMPRINT)
Place of publication, distribution, etc New Delhi
Name of publisher, distributor, etc Oxford University Press
Date of publication, distribution, etc 2021
270 ## - ADDRESS
Address 22 Workspace, 2nd Floor, 1/22, Asaf Ali Road
City New Delhi
Postal code 110002
300 ## - PHYSICAL DESCRIPTION
Extent xxiii, 284p (V1), xxxvii, 315p (V2), xxxv, 278p (V3), xli, 259p., (V4), xxix, 288p. (V5)
Other physical details Index
Dimensions 23cm(hbk)
500 ## - GENERAL NOTE
General note Volume 1 to 5
700 ## - ADDED ENTRY--PERSONAL NAME
Personal name Rathore, Aakash Singh
942 ## - ADDED ENTRY ELEMENTS (KOHA)
Source of classification or shelving scheme Dewey Decimal Classification
Item type English Books
Call number suffix AMB
Classification part 954.035
Holdings
Withdrawn status Lost status Materials specified (bound volume or other part) Not for loan Collection code Home library Current library Date acquired Source of acquisition Cost, normal purchase price Full call number Barcode Copy number Cost, replacement price Koha item type
    VOLUME 1   Non-fiction Patel Nagar Patel Nagar 23/03/2022 DBAD/PUB 1999.00 954.035 AMB EN-115624 1 1999.00 English Books
    VOLUME 2   Non-fiction Patel Nagar Patel Nagar 23/03/2022 DBAD/PUB 1999.00 954.035 AMB EN-115625 1 1999.00 English Books
    VOLUME 3   Non-fiction Patel Nagar Patel Nagar 23/03/2022 DBAD/PUB 1999.00 954.035 AMB EN-115626 1 1999.00 English Books
    VOLUME 4   Non-fiction Patel Nagar Patel Nagar 23/03/2022 DBAD/PUB 1999.00 954.035 AMB EN-115627 1 1999.00 English Books
    VOLUME 5   Non-fiction Patel Nagar Patel Nagar 23/03/2022 DBAD/PUB 1999.00 954.035 AMB EN-115628 1 1999.00 English Books

© Delhi Public Library
Hit Counter
free hit counter